[Event "Lysenko Memorial op"]
[Site "Liski"]
[Date "2009.05.04"]
[Round "3"]
[White "Pilkin, Evgenii"]
[Black "Kosheev, Alexander"]
[Result "1/2-1/2"]
[WhiteElo "1989"]
[BlackElo "2175"]
[PlyCount "29"]
[EventDate "2009.05.02"]
[EventType "swiss"]
[EventRounds "9"]
[EventCountry "RUS"]
[SourceTitle "EXT 2022"]
[Source "ChessBase"]
[SourceDate "2021.10.06"]
[SourceVersion "1"]
[SourceVersionDate "2021.10.06"]
[SourceQuality "1"]

1. c4 Nf6 2. Nc3 g6 3. Nf3 Bg7 4. e4 d6 5. d4 0-0 6. Be2 e5 7. dxe5 dxe5 8. Qxd8 Rxd8 9. Bg5 Re8 10. 0-0 c6 11. h3 Nbd7 12. Be3 Bf8 13. Rad1 Bb4 14. Nd2 Bxc3 15. bxc3 1/2-1/2

[Event "Borisoglebsk Bocharov Memorial 9th"]
[Site "Borisoglebsk"]
[Date "2009.03.15"]
[Round "6"]
[White "Kosheev, Alexander"]
[Black "Grigorian, Vardan"]
[Result "1-0"]
[WhiteElo "2175"]
[BlackElo "2277"]
[PlyCount "77"]
[EventDate "2009.03.12"]
[EventType "swiss"]
[EventRounds "9"]
[EventCountry "RUS"]
[SourceTitle "EXT 2010"]
[Source "ChessBase"]
[SourceDate "2010.11.25"]
[SourceVersion "1"]
[SourceVersionDate "2010.11.25"]
[SourceQuality "1"]

1. d4 c5 2. d5 e5 3. e4 d6 4. Nc3 Be7 5. a3 a6 6. a4 Bg5 7. Nf3 Bxc1 8. Qxc1 b6 9. Nd2 f5 10. Nc4 Ra7 11. Be2 Nf6 12. Qg5 f4 13. Nxe5 dxe5 14. Qxe5+ Re7 15. Qxb8 Nxe4 16. d6 Re6 17. Bg4 Nxc3+ 18. Bxe6 Bxe6 19. Qxd8+ Kxd8 20. bxc3 f3 21. gxf3 Bd5 22. Rg1 Re8+ 23. Kd2 Bxf3 24. Rxg7 Re2+ 25. Kd3 Re6 26. d7 Re4 27. Rag1 c4+ 28. Kd2 Re2+ 29. Kc1 Be4 30. f3 Bxc2 31. R7g2 Rxg2 32. Rxg2 Bxa4 33. Rg7 h5 34. Rh7 Bxd7 35. Rxh5 b5 36. f4 a5 37. h4 Kc7 38. Kb2 Kc6 39. Re5 1-0

[Event "Borisoglebsk Bocharov Memorial 9th"]
[Site "Borisoglebsk"]
[Date "2009.03.13"]
[Round "3"]
[White "Bryakin, Mikhail"]
[Black "Kosheev, Alexander"]
[Result "1/2-1/2"]
[WhiteElo "1981"]
[BlackElo "2175"]
[PlyCount "48"]
[EventDate "2009.03.12"]
[EventType "swiss"]
[EventRounds "9"]
[EventCountry "RUS"]
[SourceTitle "EXT 2010"]
[Source "ChessBase"]
[SourceDate "2010.11.25"]
[SourceVersion "1"]
[SourceVersionDate "2010.11.25"]
[SourceQuality "1"]

1. d4 Nf6 2. c4 c5 3. Nf3 g6 4. Nc3 Bg7 5. e4 0-0 6. d5 d6 7. Be2 Bg4 8. h3 Bxf3 9. Bxf3 Na6 10. 0-0 Nc7 11. a4 Na6 12. Bd2 Nd7 13. Qb3 Nb4 14. Na2 a5 15. Bc3 Bf6 16. Bg4 h5 17. Bxd7 Qxd7 18. Bxf6 exf6 19. Nxb4 axb4 20. Rfe1 Kg7 21. Qc2 Rfe8 22. b3 Qe7 23. Qb2 Qe5 24. Qxe5 fxe5 1/2-1/2

[Event "Lysenko Memorial op"]
[Site "Liski"]
[Date "2008.04.08"]
[Round "7"]
[White "Kosheev, Alexander"]
[Black "Vechkanov, Valery"]
[Result "1-0"]
[WhiteElo "2206"]
[BlackElo "2025"]
[PlyCount "49"]
[EventDate "2008.04.04"]
[EventType "swiss"]
[EventRounds "9"]
[EventCountry "RUS"]
[SourceTitle "EXT 2022"]
[Source "ChessBase"]
[SourceDate "2021.10.06"]
[SourceVersion "1"]
[SourceVersionDate "2021.10.06"]
[SourceQuality "1"]

1. d4 Nf6 2. c4 c5 3. d5 d6 4. Nc3 g6 5. e4 Bg7 6. f4 e6 7. Nf3 0-0 8. Be2 exd5 9. cxd5 Bg4 10. 0-0 Bxf3 11. Bxf3 a6 12. e5 dxe5 13. fxe5 Nfd7 14. e6 Bd4+ 15. Kh1 Ne5 16. Bh6 Re8 17. Ne4 f6 18. Be2 f5 19. Bg5 Qc8 20. Nd6 Qc7 21. Nxe8 Qb6 22. Nf6+ Kg7 23. e7 Nbd7 24. e8Q Rxe8 25. Nxe8+ 1-0

[Event "Lysenko Memorial op"]
[Site "Liski"]
[Date "2008.04.06"]
[Round "4"]
[White "Khashimov, Vasily"]
[Black "Kosheev, Alexander"]
[Result "1-0"]
[WhiteElo "2201"]
[BlackElo "2206"]
[PlyCount "39"]
[EventDate "2008.04.04"]
[EventType "swiss"]
[EventRounds "9"]
[EventCountry "RUS"]
[SourceTitle "EXT 2022"]
[Source "ChessBase"]
[SourceDate "2021.10.06"]
[SourceVersion "1"]
[SourceVersionDate "2021.10.06"]
[SourceQuality "1"]

1. d4 Nf6 2. c4 c5 3. d5 b5 4. cxb5 a6 5. e3 axb5 6. Bxb5 Qa5+ 7. Nc3 Ne4 8. Nge2 Ba6 9. Bxa6 Rxa6 10. 0-0 Nxc3 11. Nxc3 g6 12. Bd2 c4 13. a4 Qc5 14. b4 Qc8 15. Nb5 Bg7 16. Bc3 Bxc3 17. Nxc3 0-0 18. a5 d6 19. Ra4 Nd7 20. Qa1 1-0

[Event "Voronezh Elo"]
[Site "Voronezh"]
[Date "2008.01.05"]
[Round "3"]
[White "Kovalenko, Sergey"]
[Black "Kosheev, Alexander"]
[Result "0-1"]
[WhiteElo "2305"]
[BlackElo "2206"]
[PlyCount "44"]
[EventDate "2008.01.04"]
[EventType "tourn"]
[EventRounds "11"]
[EventCountry "RUS"]
[SourceTitle "EXT 2010"]
[Source "ChessBase"]
[SourceDate "2010.11.25"]
[SourceVersion "1"]
[SourceVersionDate "2010.11.25"]
[SourceQuality "1"]

1. f4 d5 2. Nf3 c5 3. e3 Nc6 4. d4 Bg4 5. c3 e6 6. Bd3 Nf6 7. 0-0 Be7 8. Bd2 Qb6 9. b3 0-0 10. Be1 Ne4 11. h3 Bxf3 12. Qxf3 f5 13. Qd1 Rac8 14. a3 cxd4 15. cxd4 Nxd4 16. Bxe4 Nxb3 17. Bxd5 Nxa1 18. Ba2 Rc2 19. Nc3 Qxe3+ 20. Kh1 Rc1 21. Bxe6+ Kh8 22. Nd5 Qxa3 0-1